Statistics for 1928 Summer Olympics medal table

Click here to take the quiz!

General Stats

  • This quiz has been taken 28 times
  • The average score is 26 of 33

Answer Stats

RankGoldSilverBronzeTotalAnswer% Correct
388925Finland
100%
7610521France
100%
21071431Germany
100%
4761225Sweden
100%
122181656United States
100%
11310720Great Britain
96%
152215Japan
96%
869419Netherlands
96%
191214Australia
93%
182013Austria
93%
1044715Canada
93%
575719Italy
93%
191214Norway
93%
290123Belgium
89%
133126Denmark
89%
94509Hungary
89%
241001Spain
89%
674415Switzerland
89%
241001New Zealand
86%
211135Poland
86%
320011Portugal
82%
123317Argentina
79%
211135Yugoslavia
79%
241001Ireland
75%
300101Chile
68%
142529Czechoslovakia
68%
241001India
68%
231023South Africa
61%
162125Estonia
46%
172114Egypt
43%
241001Uruguay
32%
300101Haiti
18%
320011Philippines
11%

Score Distribution

Percentile by Number Answered

Percent of People with Each Score

Your Score History

You have not taken this quiz